000 00582nam a22001937a 4500
003 OSt
005 20140310182024.0
008 130802t xxu||||| |||| 00| 0 eng d
020 _a9715504140
050 _aPL 6058.4
_b.K97 2002
082 _aFIL 899.2113
_bK96 2002
100 _aTolentino, Rolando B
245 _aKuwentong siyudad /
_cedited by Rolando B. Tolentino, Romulo P. Baquiran, Jr., Alwin C. Aguirre.
260 _aQuezon City :
_bADMU Press,
_c2002.
300 _a318 p. :
_c18 cm.
650 _aShort stories, Philippines.
942 _2lcc
_cBK
999 _c8427
_d8427